Music Quiz

Random Music or Artist Quiz

Music Sorting Gallery Quiz Stats

 Plays Quiz Updated Feb 17, 2016

Challenge
Share
Tweet
Embed
Score 0/55 Timer 05:00
3 Plays Today
% Correct
Cymbals
93.6%
Bass Drum
93.4%
La
93.3%
Do
93.2%
I Just Called to Say I Love You
92.7%
Tambourine
92.4%
Ti
92.3%
Snare Drum
92.3%
Ginger
92.3%
Michael Jackson
92.2%
Mi
92.2%
Sol
91.9%
Re
91.7%
Xylophone
91.4%
Posh
91.4%
Fa
91.4%
Jessica
91.3%
Chimes
91.2%
Baby
90.9%
Rita
90.6%
Monica
90.5%
Sporty
90.2%
You Are the Sunshine of My Life
90.1%
Sandra
89.9%
Ebony and Ivory
89.8%
Erica
89.6%
Scary
89.6%
Superstition
89.4%
% Correct
Appetite for Destruction
89.2%
Angela
89.2%
Timpani
88.4%
Pamela
88.3%
Part-Time Lover
87.8%
That's What Friends Are For
87.7%
Tina
86.8%
Pavarotti
86.5%
G N' R Lies
85.8%
Use Your Illusion I
84.9%
Mary
84.8%
Use Your Illusion II
84.7%
You Haven't Done Nothin'
84.4%
Domingo
82.9%
Phil
82.6%
Jones
81.9%
Bonham
81.5%
Don
81.3%
Page
79.5%
Carreras
79.3%
I Wish
78.8%
Chinese Democracy
76.4%
Plant
76.2%
'The Spaghetti Incident?'
75%
Sir Duke
70.8%
Fingertips
61.1%
Celesta
51.2%

You're not logged in!

Compare scores with friends on all Sporcle quizzes.
Join for Free
OR
Log In

You Might Also Like...

Show Comments

Extras

Top Quizzes Today


Score Distribution

Your Account Isn't Verified!

In order to create a playlist on Sporcle, you need to verify the email address you used during registration. Go to your Sporcle Settings to finish the process.

Report this User

Report this user for behavior that violates our Community Guidelines.

Details: